Countries with Subway Systems - Statistics

General Stats
  • This quiz has been taken 103 times
    69 since last reset
  • The average score is 50 of 59
Answer Stats
Subway Amount Answer % Correct
39 (+8) China
100%
7 (+1) Russia
100%
4 Spain
100%
4 United Kingdom
100%
15 (+1) United States
100%
3 Canada
98%
6 France
98%
13 Japan
98%
7 Brazil
97%
7 Italy
97%
7 South Korea
97%
1 Belgium
95%
1 Finland
95%
13 (+7) India
95%
1 Norway
95%
1 Sweden
95%
4 Germany
93%
2 Mexico
93%
1 Poland
93%
1 Argentina
92%
1 Portugal
92%
5 (+1) Turkey
92%
1 Australia
90%
1 Denmark
90%
1 Egypt
90%
1 Hungary
90%
1 Indonesia
90%
5 (+4) Iran
90%
2 Netherlands
90%
1 Chile
88%
2 Thailand
88%
1 Colombia
86%
1 (+1) Greece
85%
1 Switzerland
85%
3 Ukraine
85%
1 United Arab Emirates
85%
1 Austria
83%
1 Czechia
83%
1 Pakistan
83%
1 Peru
83%
1 Romania
83%
1 (+1) Saudi Arabia
83%
1 Singapore
83%
1 Bulgaria
81%
1 Malaysia
81%
1 Venezuela
81%
1 Kazakhstan
80%
4 Taiwan
76%
1 Belarus
73%
1 North Korea
73%
1 Panama
69%
1 Algeria
68%
2 Philippines
66%
1 Qatar
66%
1 Azerbaijan
63%
1 Uzbekistan
61%
1 Armenia
59%
1 Georgia
59%
1 Dominican Republic
47%
No matching quizzes found
Score Distribution
Percent of People with Each Score
Percentile by Number Answered
Your Score History
You have not taken this quiz since the last reset